Unstable nuclei in astrophysics (Record no. 10427)

MARC details
000 -LEADER
fixed length control field 00874nam a2200217Ia 4500
003 - CONTROL NUMBER IDENTIFIER
control field IN-BaIIA
008 - FIXED-LENGTH DATA ELEMENTS--GENERAL INFORMATION
fixed length control field 211028s9999 xx 000 0 eng d
020 ## - INTERNATIONAL STANDARD BOOK NUMBER
International Standard Book Number 981-02-0782-4
040 ## - CATALOGING SOURCE
Transcribing agency IIA Library
080 ## - UNIVERSAL DECIMAL CLASSIFICATION NUMBER
Universal Decimal Classification number 524(082.2)
Item number KUB
111 ## - MAIN ENTRY--MEETING NAME
Meeting name or jurisdiction name as entry element International Workshop on Unstabel Nuclei in Astrophysics
Location of meeting Japan
Date of meeting or treaty signing 1991 June 7-8
9 (RLIN) 17735
245 #0 - TITLE STATEMENT
Title Unstable nuclei in astrophysics
Remainder of title proceedings of the International workshop on Unstabel Nuclei in Astrophysics held at Tokyo, Japan, 7-8 June 1991
Statement of responsibility, etc. edited by S. Kubono and Kajino, T.
260 ## - PUBLICATION, DISTRIBUTION, ETC.
Place of publication, distribution, etc. Singapore
Name of publisher, distributor, etc. World Scientific
Date of publication, distribution, etc. 1992
300 ## - PHYSICAL DESCRIPTION
Extent xii,344p.
650 ## - SUBJECT ADDED ENTRY--TOPICAL TERM
Topical term or geographic name entry element Astronomy and Astrophysics Thesaurus
650 ## - SUBJECT ADDED ENTRY--TOPICAL TERM
Topical term or geographic name entry element Astrophysics
9 (RLIN) 794
650 ## - SUBJECT ADDED ENTRY--TOPICAL TERM
Topical term or geographic name entry element Nuclear Astrophysics
9 (RLIN) 2774
700 ## - ADDED ENTRY--PERSONAL NAME
Personal name Kajino, T., ed.
9 (RLIN) 17736
700 ## - ADDED ENTRY--PERSONAL NAME
Personal name Kubono, S., ed.
9 (RLIN) 17737
942 ## - ADDED ENTRY ELEMENTS (KOHA)
Koha item type Books
Holdings
Withdrawn status Lost status Damaged status Not for loan Home library Current library Shelving location Date acquired Cost, normal purchase price Total Checkouts Full call number Barcode Date last seen Cost, replacement price Price effective from Koha item type Purchase Price
        IIA Library-Bangalore IIA Library-Bangalore General Stacks 12/08/1992 2673.20   524(082.2)/ KUB 11337 05/11/2021 2673.20 12/08/1992 Books Rs. 2673.20

Powered by Koha